Ensayos sobre la historia del pensamiento español : (Record no. 182536)

MARC details
000 -LEADER
campo de control de longitud fija 01138nam a2200289 i 4500
001 - NÚMERO DE CONTROL
campo de control 182536
003 - IDENTIFICADOR DE NÚMERO DE CONTROL
campo de control ES-MaACL
005 - FECHA Y HORA DE LA ÚLTIMA TRANSACCIÓN
campo de control 20250405195707.0
008 - DATOS DE LONGITUD FIJA--INFORMACIÓN GENERAL
campo de control de longitud fija 130912s2012 sp 011 0dspa d
020 ## - NÚMERO INTERNACIONAL ESTÁNDAR DEL LIBRO
Número Internacional Estándar del Libro 978-84-15463-22-1
080 ## - NÚMERO DE LA CLASIFICACIÓN DECIMAL UNIVERSAL
Número de la Clasificación Decimal Universal 1 Abellán, José Luis (082.2)
245 00 - MENCIÓN DEL TÍTULO
Título Ensayos sobre la historia del pensamiento español :
Resto del título homenaje a José Luis Abellán /
Mención de responsabilidad, etc. Antonio Rivera García, José Luis Villacañas (eds.).
250 ## - MENCION DE EDICION
Mención de edición 1ª ed.
260 ## - PUBLICACIÓN, DISTRIBUCIÓN, ETC.
Lugar de publicación, distribución, etc. [Murcia] :
Nombre del editor, distribuidor, etc. Editum,
Fecha de publicación, distribución, etc. 2012.
300 ## - DESCRIPCIÓN FÍSICA
Extensión 249 p. ;
Dimensiones 23 cm.
490 1# - MENCIÓN DE SERIE
Mención de serie Edit.um res publica
600 14 - PUNTO DE ACCESO ADICIONAL DE MATERIA--NOMBRE DE PERSONA
Nombre de persona Abellán, José Luis,
Fechas asociadas al nombre 1933-2023-
Subdivisión de forma Homenajes
9 (RLIN) 172356
650 #4 - PUNTO DE ACCESO ADICIONAL DE MATERIA--TÉRMINO DE MATERIA
Término de materia o nombre geográfico como elemento de entrada Filosofía-
Subdivisión geográfica España-
Subdivisión de forma Historia.
9 (RLIN) 12844
700 1# - ENTRADA AGREGADA--NOMBRE PERSONAL
Nombre de persona Abellán, José Luis,
Fechas asociadas al nombre 1933-2023
9 (RLIN) 176509
700 1# - ENTRADA AGREGADA--NOMBRE PERSONAL
Nombre de persona Rivera García, Antonio.
9 (RLIN) 97651
700 1# - ENTRADA AGREGADA--NOMBRE PERSONAL
Nombre de persona Villacañas Berlanga, José Luis,
Fechas asociadas al nombre 1955-
9 (RLIN) 152048
830 1# - PUNTO DE ACCESO ADICIONAL DE SERIE-TÍTULO UNIFORME
Título uniforme Edit.um res publica
9 (RLIN) 176528
852 ## - LOCALIZACIÓN
Ubicación ES-MaACL
Número de control de estantería A-12919
itemnumber 189449
Sublocalización o colección R.149114
Ubicación en estantería Depósito 1
Signatura antigua Olim: N-5919
Encuadernación Donación: José Luis Abellán
903 ## - NOMBRE PERSONAL DE DONANTE
a Abellán, José Luis,
d 1933-2023
e Donante
9 176509
942 ## - ELEMENTOS DE ENTRADA SECUNDARIOS (KOHA)
Fuente del sistema de clasificación o colocación Clasificación decimal universal
Tipo de ítem Koha Libro impreso
Holdings
Estatus retirado Estado de pérdida Fuente del sistema de clasificación o colocación Estado de daño No para préstamo Biblioteca de origen Biblioteca actual Ubicación en estantería Fecha de adquisición Fuente de adquisición Total de préstamos Signatura topográfica completa Código de barras Visto por última vez Precio de reemplazo Tipo de ítem Koha
    Clasificación decimal universal     Biblioteca del Ateneo de Madrid Biblioteca del Ateneo de Madrid Depósito 1 12/09/2013 Donación   A-12919 1191827 23/02/2023 23/02/2023 Libro impreso